| 000 | 00437nam a2200145Ia 4500 | ||
|---|---|---|---|
| 008 | 231129s1987||||xx |||||||||||||| ||spa|| | ||
| 020 | _a958-9144-10-1 | ||
| 040 | _bspa | ||
| 082 | _a986.1622 D542s | ||
| 100 | _aDiaz del Castillo Emiliano | ||
| 245 | 0 | _aSan Juan de Pasto : Siglo XVI | |
| 260 | _c1987 | ||
| 264 | _aFondo Cultural Cafetero / Federacion Nacional de Cafeteros | ||
| 942 |
_2ddc _cBKS |
||
| 999 |
_c24297 _d24297 |
||